00747nam a2200205 i 450000100060000000300090000600500170001500700030003200800410003510000300007624500870010626000380019330000210023149000370025270000360028983000450032585200320037099900170040295201220041987728ES-MaACL20240605104732.0t|041223s1965 sp ||||1| cat d0 aLabiche, Eugène.96923613aUn barret de palla d'Italia / cEugene Labiche ; versió catalana de Joan Oliver. aBarcelona : bOccitania, c[1965] a78 p. ; c21 cm.1 aAbans el cap que el barret ; v41 aOliver, Joan,d1899-19869868150 aAbans el cap que el barret ; v49231795 aES-MaACLjC-27262 bR.56476 c87728d87728 00104070aATENEOMbATENEOMcDEPO2d2008-01-17eSCl0oC-27262p1091647r2023-02-23 00:00:00w2023-02-23yMONOGRAFIA